[Event "GER-chT U12"]
[Site "Magdeburg"]
[Date "2023.12.29"]
[Round "6.9"]
[White "Shevchenko, Igor1"]
[Black "Wartenberg, Alexander"]
[Result "0-1"]
[WhiteElo "1552"]
[BlackElo "1695"]
[PlyCount "78"]
[EventDate "2023.12.26"]
[EventType "team-swiss"]
[EventRounds "7"]
[EventCountry "GER"]
[SourceTitle "CB03_2024"]
[SourceDate "2024.01.17"]
[SourceVersion "1"]
[SourceVersionDate "2024.01.17"]
[SourceQuality "1"]
[WhiteTeam "Magdeburg Schachzwerge"]
[BlackTeam "Hamburger SK"]
[WhiteTeamCountry "GER"]
[BlackTeamCountry "GER"]

1. d4 d5 2. Nf3 Nf6 3. c4 c6 4. Nc3 a6 5. a4 e6 6. Bg5 Be7 7. e3 a5 8. Bd3 0-0 9. 0-0 Na6 10. cxd5 cxd5 11. Rc1 Nb4 12. Bb1 b6 13. Qd2 Ba6 14. Rfd1 Rc8 15. Ne5 Ne8 16. Bxe7 Qxe7 17. Nb5 Nd6 18. Nxd6 Qxd6 19. Rc3 f6 20. Nd3 Bxd3 21. Bxd3 Nxd3 22. Qxd3 Qb4 23. Rb3 Qxa4 24. Rxb6 Rb8 25. Rxb8 Rxb8 26. Rb1 Qa2 27. Qc2 a4 28. Qc1 Qb3 29. Ra1 Qxb2 30. Qxb2 Rxb2 31. Kf1 Rb4 32. Ke2 Kf7 33. Ra2 Ke7 34. Kd3 Rc4 35. e4 Kd6 36. f4 Rb4 37. e5+ fxe5 38. fxe5+ Kc6 39. Rc2+ Kb6 0-1

[Event "GER-chT U12"]
[Site "Magdeburg"]
[Date "2023.12.28"]
[Round "3.4"]
[White "Wartenberg, Alexander"]
[Black "Vu, Hoang Bach"]
[Result "1-0"]
[WhiteElo "1695"]
[BlackElo "1230"]
[PlyCount "93"]
[EventDate "2023.12.26"]
[EventType "team-swiss"]
[EventRounds "7"]
[EventCountry "GER"]
[SourceTitle "CB03_2024"]
[SourceDate "2024.01.17"]
[SourceVersion "1"]
[SourceVersionDate "2024.01.17"]
[SourceQuality "1"]
[WhiteTeam "Hamburger SK"]
[BlackTeam "Lichtenberg Borussia"]
[WhiteTeamCountry "GER"]
[BlackTeamCountry "GER"]

1. e4 d5 2. exd5 Qxd5 3. Nc3 Qd6 4. d4 Nf6 5. Nf3 Nc6 6. Nb5 Qd8 7. c3 a6 8. Na3 e5 9. Be3 Bxa3 10. bxa3 e4 11. Nd2 0-0 12. Bg5 Re8 13. Bc4 b5 14. Bb3 Qd6 15. Bxf6 Qxf6 16. 0-0 Bb7 17. Re1 Qf4 18. Qc2 Na5 19. Re3 Nxb3 20. Qxb3 Re6 21. Rae1 Kh8 22. Qb1 Rae8 23. Nb3 Rh6 24. g3 Qg4 25. f3 Qh5 26. Qc2 Bc6 27. Nc5 f5 28. fxe4 fxe4 29. Nxa6 Rf6 30. Rf1 Rxf1+ 31. Kxf1 Rf8+ 32. Kg1 Bd7 33. Qxe4 Bh3 34. Re1 Qh6 35. Qf4 g5 36. Qe5+ Kg8 37. Qd5+ Kg7 38. Nxc7 Rf7 39. Ne6+ Kg6 40. Qe4+ Kh5 41. Qe5 Bf5 42. Kg2 Kg6 43. h4 gxh4 44. Qe3 Qxe3 45. Rxe3 h3+ 46. Kh2 Bxe6 47. Rxe6+ 1-0

[Event "Krefeld op"]
[Site "Krefeld"]
[Date "2023.08.06"]
[Round "8"]
[White "Junge, Julia Marie"]
[Black "Wartenberg, Alexander"]
[Result "0-1"]
[WhiteElo "1372"]
[BlackElo "1669"]
[PlyCount "70"]
[EventDate "2023.08.02"]
[EventType "swiss"]
[EventRounds "9"]
[EventCountry "GER"]
[SourceTitle "CBM 215 Extra"]
[Source "ChessBase"]
[SourceDate "2023.09.30"]
[SourceVersion "1"]
[SourceVersionDate "2023.09.30"]
[SourceQuality "1"]

1. e4 c5 2. Nf3 e6 3. d4 cxd4 4. Nxd4 Nf6 5. Nc3 Nc6 6. Bc4 Bb4 7. f3 Qa5 8. Nde2 0-0 9. 0-0 Qc5+ 10. Kh1 Qxc4 11. a3 Bxc3 12. Nxc3 d5 13. exd5 Nxd5 14. Nxd5 Qxd5 15. Bf4 Qxd1 16. Raxd1 e5 17. Be3 Be6 18. Bc5 Rfd8 19. b4 Rxd1 20. Rxd1 Rd8 21. Rxd8+ Nxd8 22. Bxa7 b5 23. g4 Bd5 24. Kg2 e4 25. f4 e3+ 26. Kf1 Bc4+ 27. Ke1 e2 28. Be3 Kf8 29. c3 Ke7 30. h4 Ke6 31. Bd4 g6 32. Kd2 Kd5 33. Bf2 Ke4 34. Be3 Kf3 35. g5 Ne6 0-1

[Event "Krefeld op"]
[Site "Krefeld"]
[Date "2023.08.06"]
[Round "9"]
[White "Wartenberg, Alexander"]
[Black "Esser, Julian"]
[Result "1/2-1/2"]
[WhiteElo "1669"]
[BlackElo "1708"]
[PlyCount "50"]
[EventDate "2023.08.02"]
[EventType "swiss"]
[EventRounds "9"]
[EventCountry "GER"]
[SourceTitle "CBM 215 Extra"]
[Source "ChessBase"]
[SourceDate "2023.09.30"]
[SourceVersion "1"]
[SourceVersionDate "2023.09.30"]
[SourceQuality "1"]

1. e4 e6 2. d4 d5 3. Nc3 Bb4 4. e5 c5 5. a3 Bxc3+ 6. bxc3 Ne7 7. Qg4 Qc7 8. Qxg7 Rg8 9. Bb5+ Bd7 10. Bxd7+ Nxd7 11. Qxh7 cxd4 12. Qd3 Qxe5+ 13. Qe2 dxc3 14. Qxe5 Nxe5 15. Ne2 Rc8 16. Be3 Nf5 17. Bxa7 Rxg2 18. Ng3 Nh4 19. Ke2 Nef3 20. Rab1 Rc7 21. Rb4 e5 22. Bb8 Re7 23. Bd6 Rd7 24. Bc5 e4 25. Nxe4 Rg6 1/2-1/2

[Event "Kiel op 34th"]
[Site "Kiel"]
[Date "2022.08.04"]
[Round "8"]
[White "Walther, Joachim"]
[Black "Wartenberg, Alexander"]
[Result "1/2-1/2"]
[WhiteElo "1910"]
[BlackElo "1623"]
[PlyCount "45"]
[EventDate "2022.07.30"]
[EventType "swiss"]
[EventRounds "9"]
[EventCountry "GER"]
[SourceTitle "CBM 209 Extra"]
[Source "ChessBase"]
[SourceDate "2022.09.30"]
[SourceVersion "1"]
[SourceVersionDate "2022.09.30"]
[SourceQuality "1"]

1. d4 d5 2. c4 c6 3. Nf3 Nf6 4. Nc3 a6 5. a4 Bg4 6. Ne5 Bh5 7. cxd5 cxd5 8. Qb3 Nc6 9. Nxc6 bxc6 10. a5 e6 11. e3 Bd6 12. Bd3 Bg6 13. Be2 0-0 14. Qa4 Qc7 15. g3 Ne4 16. Nxe4 Bxe4 17. Rg1 Rfb8 18. Qd1 Bb4+ 19. Bd2 Bxd2+ 20. Qxd2 Qb7 21. f3 Bg6 22. Rc1 f6 23. Kf2 1/2-1/2

[Event "GER-ch U10"]
[Site "Willingen"]
[Date "2021.08.26"]
[Round "7"]
[White "Wartenberg, Alexander"]
[Black "Merenda, Lukas Benedikt"]
[Result "1/2-1/2"]
[WhiteElo "1424"]
[BlackElo "1222"]
[PlyCount "140"]
[EventDate "2021.08.22"]
[EventType "swiss"]
[EventRounds "11"]
[EventCountry "GER"]
[SourceTitle "EXT 2022"]
[Source "ChessBase"]
[SourceDate "2021.10.06"]
[SourceVersion "1"]
[SourceVersionDate "2021.10.06"]
[SourceQuality "1"]

1. e4 e5 2. Nf3 Nc6 3. d4 exd4 4. Nxd4 Bb4+ 5. c3 Bc5 6. Be3 Bb6 7. Nxc6 bxc6 8. Bxb6 axb6 9. Qd4 Nf6 10. e5 Nd5 11. Bc4 Bb7 12. 0-0 0-0 13. Nd2 b5 14. Bd3 Nb6 15. Qe4 g6 16. Nf3 d5 17. exd6 cxd6 18. Qe3 Kg7 19. Qd4+ f6 20. Ng5 Bc8 21. Ne4 d5 22. Nc5 Nc4 23. Rfe1 Nxb2 24. Re2 Nxd3 25. Qxd3 Re8 26. Rae1 Rxe2 27. Qxe2 Kf7 28. Ne6 Qd6 29. Nd4 Bd7 30. Qd2 Kg7 31. Qe2 Re8 32. Qd2 Re5 33. Nf3 Rxe1+ 34. Qxe1 c5 35. h3 Kf7 36. Qd2 g5 37. Qd3 Kg7 38. Nd2 Qe5 39. Nf3 Qe4 40. Qxe4 dxe4 41. Nd2 f5 42. Nb3 c4 43. Nc5 Be8 44. Ne6+ Kf6 45. Nc7 Bc6 46. Na6 f4 47. Nb4 Bb7 48. Nc2 Ke5 49. a3 e3 50. f3 h5 51. Nd4 Ba6 52. Nc6+ Kd6 53. Nd4 b4 54. axb4 Bc8 55. Nb5+ Kc6 56. Na7+ Kb7 57. Nxc8 Kxc8 58. Kf1 Kc7 59. Ke2 Kc6 60. Ke1 Kb5 61. Ke2 Ka4 62. Ke1 Kb5 63. Kd1 Ka4 64. Ke2 Kb5 65. Kd1 Kb6 66. Ke2 Kc6 67. Kd1 Kb5 68. Ke2 Kc6 69. Kd1 Kb6 70. Ke2 Kb5 1/2-1/2

[Event "GER-ch U10"]
[Site "Willingen"]
[Date "2021.08.25"]
[Round "5"]
[White "Wartenberg, Alexander"]
[Black "Shen, Tingrui"]
[Result "1/2-1/2"]
[WhiteElo "1424"]
[BlackElo "1508"]
[PlyCount "76"]
[EventDate "2021.08.22"]
[EventType "swiss"]
[EventRounds "11"]
[EventCountry "GER"]
[SourceTitle "EXT 2022"]
[Source "ChessBase"]
[SourceDate "2021.10.06"]
[SourceVersion "1"]
[SourceVersionDate "2021.10.06"]
[SourceQuality "1"]

1. e4 c5 2. Nf3 g6 3. c4 Bg7 4. d4 cxd4 5. Nxd4 Nc6 6. Be3 Nf6 7. Nc3 Ng4 8. Qxg4 Nxd4 9. Bxd4 Bxd4 10. Qd1 Bxc3+ 11. bxc3 Qa5 12. Qd2 d6 13. Be2 Be6 14. 0-0 Rc8 15. Qd4 f6 16. Rfb1 b6 17. Rb5 Qa4 18. Rb4 Qc6 19. a4 Kf7 20. a5 Ra8 21. axb6 axb6 22. Rab1 Rhb8 23. h3 Ra2 24. Bf1 Qc7 25. Rxb6 Rxb6 26. Rxb6 Ra1 27. Rb4 Qc5 28. f3 Rd1 29. Qxc5 dxc5 30. Ra4 Rc1 31. Kf2 Rxc3 32. Kg3 Rc1 33. Be2 Rc2 34. Bf1 h5 35. Ra5 Rc3 36. Rxc5 Rc1 37. Be2 Rc2 38. Kf2 h4 1/2-1/2

[Event "GER-chT U10"]
[Site "Magdeburg"]
[Date "2021.08.08"]
[Round "6.1"]
[White "Wagner, Cosima"]
[Black "Wartenberg, Alexander"]
[Result "1-0"]
[WhiteElo "970"]
[BlackElo "1424"]
[PlyCount "39"]
[EventDate "2021.08.06"]
[EventType "team-swiss"]
[EventRounds "7"]
[EventCountry "GER"]
[SourceTitle "EXT 2022"]
[Source "ChessBase"]
[SourceDate "2021.10.06"]
[SourceVersion "1"]
[SourceVersionDate "2021.10.06"]
[SourceQuality "1"]
[WhiteTeam "Tegernsee"]
[BlackTeam "Hamburger SK"]
[WhiteTeamCountry "GER"]
[BlackTeamCountry "GER"]

1. e4 e5 2. Nf3 Nf6 3. Nxe5 d6 4. Nf3 Nxe4 5. Nc3 Nxc3 6. dxc3 Be7 7. Be3 Be6 8. Qd2 Qd7 9. a3 0-0 10. 0-0-0 Nc6 11. Bd3 Rfb8 12. h4 b5 13. Be4 Qe8 14. Qd3 h6 15. Rdg1 Bc4 16. Qd2 Bf6 17. g4 Qxe4 18. g5 Qxf3 19. gxf6 Qxf6 20. Bxh6 1-0

[Event "GER-ch Net Amateur Gr-C Final"]
[Site "Playchess.com INT"]
[Date "2020.04.18"]
[Round "12"]
[White "Krishnachandran, Srihari"]
[Black "Wartenberg, Alexander"]
[Result "1-0"]
[WhiteElo "1748"]
[BlackElo "1511"]
[PlyCount "101"]
[EventDate "2020.04.18"]
[EventType "swiss (blitz)"]
[EventRounds "13"]
[EventCountry "GER"]
[SourceTitle "CBM 195 Extra"]
[Source "ChessBase"]
[SourceDate "2020.05.31"]
[SourceVersion "1"]
[SourceVersionDate "2020.05.31"]
[SourceQuality "1"]

1. Nf3 Nf6 2. c4 Nc6 3. d4 d6 4. d5 Na5 5. Nc3 Nxc4 6. e4 Nb6 7. Be3 Bg4 8. Be2 e6 9. dxe6 Bxe6 10. Nd4 Be7 11. 0-0 0-0 12. f4 Bd7 13. e5 dxe5 14. fxe5 Ne8 15. Bd3 Be6 16. Nxe6 fxe6 17. Rxf8+ Bxf8 18. Qc2 h6 19. Rf1 Qe7 20. Qf2 c6 21. Ne4 Nc7 22. Bc5 Qe8 23. Nd6 Bxd6 24. Bxd6 Ncd5 25. Qg3 Nc8 26. Rf8+ Qxf8 27. Bxf8 Kxf8 28. Qf3+ Kg8 29. Bg6 Nce7 30. Qf7+ Kh8 31. Qxe6 Nxg6 32. Qxg6 Rf8 33. Qd6 Ne3 34. Qxf8+ Kh7 35. e6 Nf5 36. e7 Nxe7 37. Qxe7 b5 38. Qe4+ Kg8 39. Qxc6 a6 40. Qg6 a5 41. Kf2 b4 42. Kf3 a4 43. Kf4 b3 44. axb3 axb3 45. Ke5 h5 46. Ke6 h4 47. h3 Kh8 48. Qh5+ Kg8 49. Qg5 Kh8 50. Kf7 Kh7 51. Qxg7# 1-0

[Event "GER-ch Net Amateur Gr-C Vor2"]
[Site "Playchess.com INT"]
[Date "2020.04.15"]
[Round "2"]
[White "Wartenberg, Alexander"]
[Black "Grunwald, Guenther"]
[Result "0-1"]
[WhiteElo "1499"]
[BlackElo "1462"]
[PlyCount "72"]
[EventDate "2020.04.15"]
[EventType "swiss (blitz)"]
[EventRounds "9"]
[EventCountry "GER"]
[SourceTitle "CBM 196 Extra"]
[Source "ChessBase"]
[SourceDate "2020.07.31"]
[SourceVersion "1"]
[SourceVersionDate "2020.07.31"]
[SourceQuality "1"]

1. e4 e5 2. Nf3 Nc6 3. d4 exd4 4. Nxd4 Nxd4 5. Qxd4 Qf6 6. e5 Qe6 7. Bc4 Qg6 8. 0-0 Ne7 9. Bd3 Qb6 10. Qxb6 axb6 11. Nc3 Nc6 12. Re1 Be7 13. Bf4 0-0 14. Nd5 Bd8 15. a3 Ne7 16. Bc4 c6 17. Nxe7+ Bxe7 18. Rad1 b5 19. Bd3 g5 20. Bc1 f6 21. exf6 Bxf6 22. Re3 d5 23. Rg3 h6 24. h4 Be5 25. Re3 Bf4 26. Rf3 Bg4 27. Bxf4 Bxf3 28. gxf3 Rxf4 29. hxg5 hxg5 30. Kg2 Raf8 31. Be2 g4 32. Bd3 gxf3+ 33. Kg3 R4f6 34. Rh1 R6f7 35. Bg6 Rg7 36. Rh6 Rf6 0-1

[Event "GER-ch Net Amateur Gr-C Vor2"]
[Site "Playchess.com INT"]
[Date "2020.04.15"]
[Round "4"]
[White "Wartenberg, Alexander"]
[Black "Lang, Dirk"]
[Result "1-0"]
[WhiteElo "1371"]
[BlackElo "1309"]
[PlyCount "53"]
[EventDate "2020.04.15"]
[EventType "swiss (blitz)"]
[EventRounds "9"]
[EventCountry "GER"]
[SourceTitle "CBM 196 Extra"]
[Source "ChessBase"]
[SourceDate "2020.07.31"]
[SourceVersion "1"]
[SourceVersionDate "2020.07.31"]
[SourceQuality "1"]

1. d4 Nf6 2. c4 e6 3. Nc3 Bb4 4. Qc2 d5 5. cxd5 exd5 6. Bg5 Bxc3+ 7. Qxc3 Nc6 8. Nf3 Be6 9. e3 Qd7 10. Bb5 a6 11. Ba4 b5 12. Bb3 0-0 13. Bxf6 gxf6 14. 0-0 Kh8 15. Rac1 Rg8 16. Qxc6 Qxc6 17. Rxc6 Bh3 18. Nh4 f5 19. Bxd5 Raf8 20. Rxc7 Rg5 21. Rxf7 Rxf7 22. Bxf7 Kg7 23. Bd5 f4 24. Bb7 f3 25. Bxf3 Kf6 26. Rc1 Bxg2 27. Nxg2 1-0

[Event "GER-ch Net Amateur Gr-C Vor2"]
[Site "Playchess.com INT"]
[Date "2020.04.15"]
[Round "9"]
[White "Wartenberg, Alexander"]
[Black "Winkler, Andreas"]
[Result "1-0"]
[WhiteElo "1444"]
[BlackElo "1486"]
[PlyCount "107"]
[EventDate "2020.04.15"]
[EventType "swiss (blitz)"]
[EventRounds "9"]
[EventCountry "GER"]
[SourceTitle "CBM 196 Extra"]
[Source "ChessBase"]
[SourceDate "2020.07.31"]
[SourceVersion "1"]
[SourceVersionDate "2020.07.31"]
[SourceQuality "1"]

1. e4 c6 2. Nf3 e6 3. d4 d5 4. exd5 cxd5 5. Nc3 Nc6 6. Bf4 a6 7. Be2 Nf6 8. 0-0 Bd6 9. Ne5 0-0 10. Nxc6 bxc6 11. Bxd6 Qxd6 12. Re1 Qf4 13. Bf3 Bb7 14. Ne2 Qg5 15. Ng3 Rfe8 16. Qe2 a5 17. Qe5 Qd2 18. Rac1 Ba6 19. Red1 Qb4 20. b3 a4 21. c3 Qa3 22. bxa4 Qxa4 23. Ra1 Bc4 24. a3 Bb3 25. Rdc1 Bc2 26. Bd1 Bxd1 27. Rxd1 Qc4 28. Rdc1 Rab8 29. Qe2 Qa4 30. Qc2 Qc4 31. a4 Ra8 32. a5 h6 33. Qa2 Qd3 34. a6 Ne4 35. Nxe4 Qxe4 36. a7 f5 37. Rcb1 Qf4 38. Qb2 Kh7 39. g3 Qd6 40. Qb7 Kg6 41. Rb2 e5 42. Rab1 exd4 43. cxd4 Kg5 44. Qxg7+ Qg6 45. Qxg6+ Kxg6 46. Rb8 f4 47. Rxe8 Rxe8 48. Rb8 Re1+ 49. Kg2 fxg3 50. Kxg3 Rg1+ 51. Kf3 Rd1 52. a8Q Rd3+ 53. Ke2 Rxd4 54. Qxc6+ 1-0

[Event "GER-ch Net Amateur Gr-C Vor1"]
[Site "Playchess.com INT"]
[Date "2020.04.14"]
[Round "4"]
[White "Kuever, Bastian"]
[Black "Wartenberg, Alexander"]
[Result "0-1"]
[WhiteElo "1450"]
[BlackElo "1620"]
[PlyCount "130"]
[EventDate "2020.04.14"]
[EventType "swiss (blitz)"]
[EventRounds "9"]
[EventCountry "GER"]
[SourceTitle "CBM 196 Extra"]
[Source "ChessBase"]
[SourceDate "2020.07.31"]
[SourceVersion "1"]
[SourceVersionDate "2020.07.31"]
[SourceQuality "1"]

1. d4 d5 2. Bf4 c5 3. c3 cxd4 4. cxd4 Bf5 5. e3 e6 6. Qb3 Qd7 7. Bb5 Nc6 8. Nf3 f6 9. 0-0 a6 10. Bxc6 Qxc6 11. Nbd2 g5 12. Rac1 Qb5 13. Bg3 h5 14. h3 g4 15. hxg4 hxg4 16. Nh4 Bd3 17. Rc3 Qxb3 18. Nxb3 Bxf1 19. Kxf1 Bb4 20. Rc7 b5 21. Ng6 Rh1+ 22. Ke2 Re1+ 23. Kd3 Nh6 24. a3 Bf8 25. Nc5 Nf5 26. Nxe6 Nxg3 27. fxg3 Bd6 28. Rh7 Rc8 29. Rh8+ Kd7 30. Nc5+ Bxc5 31. Rxc8 Kxc8 32. dxc5 Rd1+ 33. Kc2 Rg1 34. Ne7+ Kd7 35. Nxd5 Rxg2+ 36. Kc3 Kc6 37. Nxf6 Rxg3 38. Kd4 Rg2 39. b4 Rd2+ 40. Kc3 Re2 41. Kd3 Ra2 42. Nxg4 Rxa3+ 43. Kd4 Ra4 44. Ne5+ Kc7 45. Nd3 a5 46. Kc3 axb4+ 47. Nxb4 Ra3+ 48. Kd4 Rb3 49. Nd5+ Kc6 50. e4 b4 51. Kc4 Rb1 52. Nxb4+ Kd7 53. c6+ Kc7 54. Kb5 Re1 55. Nd5+ Kd6 56. Kb6 Rb1+ 57. Ka7 Kxc6 58. Nf6 Kd6 59. Ne8+ Ke5 60. Nc7 Kxe4 61. Ka6 Kd4 62. Nb5+ Kc5 63. Nc7 Kc6 64. Nb5 Ra1+ 65. Na3 Rxa3# 0-1

[Event "GER-ch Net Amateur Gr-C Vor1"]
[Site "Playchess.com INT"]
[Date "2020.04.14"]
[Round "6"]
[White "Wartenberg, Alexander"]
[Black "Vaghef, Mohammad Reza"]
[Result "0-1"]
[WhiteElo "1620"]
[BlackElo "1415"]
[PlyCount "59"]
[EventDate "2020.04.14"]
[EventType "swiss (blitz)"]
[EventRounds "9"]
[EventCountry "GER"]
[SourceTitle "CBM 196 Extra"]
[Source "ChessBase"]
[SourceDate "2020.07.31"]
[SourceVersion "1"]
[SourceVersionDate "2020.07.31"]
[SourceQuality "1"]

1. e4 d5 2. exd5 Nf6 3. Nc3 Nxd5 4. Bc4 Nxc3 5. Qf3 e6 6. Qxc3 Nc6 7. Bb5 Bd7 8. d4 Bb4 9. Bxc6 Bxc3+ 10. bxc3 Bxc6 11. Nf3 Bxf3 12. gxf3 Qd5 13. Ke2 0-0-0 14. Be3 Rhe8 15. Rhd1 Qb5+ 16. Ke1 Qc4 17. Rd2 Qxc3 18. Rb1 e5 19. Rb3 Qa1+ 20. Rd1 Qxa2 21. Rdb1 exd4 22. R3b2 Qa5+ 23. Ke2 dxe3 24. fxe3 Qd2+ 25. Kf1 Rxe3 26. Rxb7 Qe2+ 27. Kg1 Rd1+ 28. Rxd1 Qxd1+ 29. Kg2 Qxf3+ 30. Kg1 0-1

[Event "GER-ch U25-C"]
[Site "Willingen"]
[Date "2019.06.14"]
[Round "8"]
[White "Wartenberg, Alexander"]
[Black "Wilmink, Luca"]
[Result "1-0"]
[WhiteElo "1002"]
[BlackElo "1283"]
[PlyCount "121"]
[EventDate "2019.06.08"]
[EventType "swiss"]
[EventRounds "9"]
[EventCountry "GER"]
[SourceTitle "CBM 191 Extra"]
[Source "ChessBase"]
[SourceDate "2019.09.30"]
[SourceVersion "1"]
[SourceVersionDate "2019.09.30"]
[SourceQuality "1"]

1. e4 c5 2. Nf3 Nc6 3. Nc3 Nf6 4. d4 cxd4 5. Nxd4 d5 6. Nxc6 bxc6 7. exd5 Nxd5 8. Nxd5 Qxd5 9. Qxd5 cxd5 10. Bb5+ Bd7 11. Bxd7+ Kxd7 12. 0-0 g6 13. Rd1 e6 14. c4 Kd6 15. Bf4+ Kd7 16. cxd5 Bg7 17. dxe6+ Kxe6 18. Re1+ Kf5 19. Bc1 Rab8 20. Re7 Rhd8 21. g3 Rd1+ 22. Kg2 Rc8 23. Rxf7+ Bf6 24. Rxf6+ Kxf6 25. Bg5+ Kxg5 26. Rxd1 Rc2 27. Rd7 Rxb2 28. Rxa7 h5 29. Ra5+ Kh6 30. a4 Ra2 31. Ra8 Ra1 32. a5 Kg5 33. a6 Kh6 34. a7 Kg5 35. h4+ Kg4 36. f3+ Kf5 37. Rf8+ Ke5 38. a8Q Rxa8 39. Rxa8 Kf5 40. Ra5+ Kf6 41. g4 hxg4 42. fxg4 Kg7 43. h5 gxh5 44. gxh5 Kh6 45. Kh3 Kh7 46. Ra6 Kh8 47. h6 Kg8 48. h7+ Kh8 49. Kh4 Kg7 50. h8Q+ Kxh8 51. Kh5 Kg7 52. Kg5 Kf7 53. Rg6 Ke7 54. Rf6 Ke8 55. Kf5 Ke7 56. Ke5 Kd7 57. Re6 Kc7 58. Kd5 Kc8 59. Re7 Kb8 60. Kc6 Kc8 61. Re8# 1-0